LEADER 01134cam2 22002773 450 001 E600200064417 005 20220705102728.0 010 $a140203573X 100 $a20100607d2005 |||||ita|0103 ba 101 $ager 102 $aNL 200 1 $a<<20, 2: >>Logische Untersuchungen. Ergänzungsband, 2. Teil$eTexte für die Neufassung der VI. Untersuchung. Zur Phänomenologie des Ausdrucks und der Erkenntnis (1893-94 - 1921)$fEdmund Husserl$ghrsg. von Ullrich Melle 210 $aDordrecht$cKluwer Publishers / Springer$d2005 215 $aLVI, 632 p.$d24 cm 461 1$1001E600200064519$12000 $aGesammelte Werke 700 1$aHusserl$b, Edmund$3AF00004903$4070$035554 702 1$aMelle, Ullrich$3A600200061449$4070 801 0$aIT$bUNISOB$c20220705$gRICA 850 $aUNISOB 852 $aUNISOB$j100|Coll|56|K$m127430 912 $aE600200064417 940 $aM 102 Monografia moderna SBN 941 $aM 957 $a100|Coll|56|K$b000026$i-2$gSi$d127430$racquisto$1beth$2UNISOB$3UNISOB$420100607132020.0$520220705102715.0$6Alfano 996 $aLogische Untersuchungen. Ergänzungsband, 2. Teil$91702505 997 $aUNISOB